[Event "Oberliga Ost B 2018 2019"]
[Site "?"]
[Date "2019.02.02"]
[Round "6.5"]
[White "Siebarth, Marco"]
[Black "Graf, Gerd"]
[Result "1/2-1/2"]
[WhiteElo "2017"]
[BlackElo "2237"]
[PlyCount "77"]
[EventDate "2018.10.21"]
[EventType "team-tourn"]
[EventCountry "GER"]
[WhiteTeam "Stadtilm SG BW"]
[BlackTeam "Frankfurt SC Koenig Nied"]
[WhiteTeamCountry "GER"]
[BlackTeamCountry "GER"]

1. e4 e6 2. d4 d5 3. Nd2 dxe4 4. Nxe4 Qd5 5. Bd3 Nf6 6. f3 Nbd7 7. Ne2 c5 8. c3
Be7 9. Nf4 Qc6 10. dxc5 Nxe4 11. Bxe4 Qxc5 12. Qe2 O-O 13. Be3 Qc7 14. O-O Nf6
15. Bc2 Bd6 16. g3 e5 17. Ng2 Be6 18. Rfd1 Bc5 19. Bxc5 Qxc5+ 20. Qe3 Qxe3+ 21.
Nxe3 Rfd8 22. a3 Kf8 23. Kf2 g6 24. Rxd8+ Rxd8 25. Rd1 Rc8 26. Rd2 Ke7 27. f4
exf4 28. gxf4 Rc5 29. Rd4 Ng4+ 30. Nxg4 Bxg4 31. c4 Be6 32. Bd3 b6 33. b4 Rc7
34. Ke3 Kf6 35. Rd6 Ke7 36. Rd4 h6 37. h4 Kf6 38. Rd8 Ke7 39. Rd4 1/2-1/2

[Event "Oberliga Ost B 2018 2019"]
[Site "?"]
[Date "2019.02.02"]
[Round "6.6"]
[White "Perlitz, Sven"]
[Black "Mehlhorn, Uwe"]
[Result "1/2-1/2"]
[WhiteElo "2102"]
[BlackElo "2108"]
[PlyCount "123"]
[EventDate "2018.10.21"]
[EventType "team-tourn"]
[EventCountry "GER"]
[WhiteTeam "Frankfurt SC Koenig Nied"]
[BlackTeam "Stadtilm SG BW"]
[WhiteTeamCountry "GER"]
[BlackTeamCountry "GER"]

1. e4 g6 2. d4 Bg7 3. Nc3 d6 4. Be3 a6 5. a4 b6 6. Nf3 Bb7 7. Be2 Nf6 8. Nd2
O-O 9. O-O c5 10. d5 e6 11. Nc4 exd5 12. exd5 Re8 13. Bf3 Bc8 14. g4 h6 15. Bf4
Bf8 16. g5 hxg5 17. Bxg5 Be7 18. Bxf6 Bxf6 19. Ne4 Be5 20. Kh1 Bf5 21. Nxe5
Rxe5 22. Ng3 Bh3 23. Rg1 Qh4 24. Qd3 c4 25. Qa3 Qe7 26. Qb4 Qf6 27. Bg2 Bxg2+
28. Kxg2 Rxd5 29. Qxb6 Qe7 30. Rge1 Re5 31. Rxe5 dxe5 32. Rd1 Nd7 33. Qc7 Rd8
34. Ne4 Kg7 35. Nc5 Qg5+ 36. Kf1 Nxc5 37. Qxd8 Qf4 38. Qd2 Qxh2 39. Qe3 Ne6 40.
Ke1 Nd4 41. Rxd4 exd4 42. Qxd4+ Kg8 43. Qxc4 Qe5+ 44. Kd2 Qxb2 45. Qc8+ Kh7 46.
Qh3+ Kg8 47. Qc8+ Kh7 48. Qxa6 Qd4+ 49. Ke2 Qe4+ 50. Kd1 Qd4+ 51. Ke1 Qe4+ 52.
Qe2 Qxa4 53. f3 Qh4+ 54. Qf2 Qb4+ 55. Kf1 Qc4+ 56. Qe2 Qc3 57. Kg2 Kg7 58. Kg3
Kf6 59. Qa6+ Kg7 60. Qe2 Kf6 61. Qe4 Qe5+ 62. Qxe5+ 1/2-1/2

[Event "Oberliga Ost B 2018 2019"]
[Site "?"]
[Date "2019.02.02"]
[Round "6.7"]
[White "Neubauer, Andreas"]
[Black "Goll, Christof"]
[Result "1/2-1/2"]
[WhiteElo "2195"]
[BlackElo "2068"]
[PlyCount "52"]
[EventDate "2018.10.21"]
[EventType "team-tourn"]
[EventCountry "GER"]
[WhiteTeam "Stadtilm SG BW"]
[BlackTeam "Frankfurt SC Koenig Nied"]
[WhiteTeamCountry "GER"]
[BlackTeamCountry "GER"]

1. d4 d5 2. Nf3 Nf6 3. g3 g6 4. Bg2 Bg7 5. O-O O-O 6. c4 c6 7. Nc3 Nbd7 8. cxd5
Nxd5 9. Na4 N5b6 10. Nc3 Nd5 11. Nxd5 cxd5 12. Bf4 Qb6 13. Qa4 Nf6 14. Qa3 Re8
15. Rac1 Ne4 16. e3 Bf5 17. h3 h5 18. Bc7 Qb5 19. Ba5 Bf8 20. Be1 Rec8 21. Rxc8
Rxc8 22. Nd2 Nxd2 23. Bxd2 e5 24. Qa5 Qxa5 25. Bxa5 e4 26. Bc3 Bd6 1/2-1/2

[Event "Oberliga Ost B 2018 2019"]
[Site "?"]
[Date "2019.02.02"]
[Round "6.8"]
[White "Zoeller, Thomas"]
[Black "Wolf, Philipp"]
[Result "1/2-1/2"]
[WhiteElo "2003"]
[BlackElo "1893"]
[PlyCount "72"]
[EventDate "2018.10.21"]
[EventType "team-tourn"]
[EventCountry "GER"]
[WhiteTeam "Frankfurt SC Koenig Nied"]
[BlackTeam "Stadtilm SG BW"]
[WhiteTeamCountry "GER"]
[BlackTeamCountry "GER"]

1. e4 c5 2. Nf3 e6 3. d4 cxd4 4. Nxd4 Nc6 5. Nc3 Qc7 6. Be3 a6 7. Qf3 Nf6 8.
O-O-O Be7 9. Be2 d6 10. Nxc6 Qxc6 11. h3 Nd7 12. Qg3 O-O 13. Bd4 e5 14. Nd5 Bf6
15. Bc3 Kh8 16. h4 b5 17. h5 h6 18. Kb1 Bg5 19. Bd2 Bxd2 20. Rxd2 Nc5 21. Qh4
Be6 22. Rhd1 Bxd5 23. Rxd5 Rad8 24. Rxe5 dxe5 25. Rxd8 Rxd8 26. Qxd8+ Kh7 27.
Qd5 Qc7 28. Bg4 g6 29. a3 Kg7 30. g3 Qe7 31. hxg6 fxg6 32. b4 Na4 33. Qd7 Qxd7
34. Bxd7 Nc3+ 35. Kb2 Nxe4 36. Bc8 Nd6 1/2-1/2

[Event "Oberliga Ost B 2018 2019"]
[Site "?"]
[Date "2019.02.02"]
[Round "6.1"]
[White "Mueller, Maximilian"]
[Black "Strache, Michael"]
[Result "1/2-1/2"]
[WhiteElo "2316"]
[BlackElo "2267"]
[PlyCount "81"]
[EventDate "2018.10.21"]
[EventType "team-tourn"]
[EventCountry "GER"]
[WhiteTeam "Gernsheim SK"]
[BlackTeam "Sangerhausen SV"]
[WhiteTeamCountry "GER"]
[BlackTeamCountry "GER"]

1. e4 e5 2. Nf3 Nc6 3. Nc3 Nf6 4. a3 d5 5. Bb5 Nxe4 6. Qe2 Qd6 7. Nxd5 Qxd5 8.
Bc4 Qd6 9. Qxe4 Be7 10. d3 Bd7 11. b4 f5 12. Qd5 O-O-O 13. Qxd6 Bxd6 14. Bb2 e4
15. dxe4 fxe4 16. Nd4 Ne5 17. Be2 Rhe8 18. O-O a6 19. Rad1 g6 20. h3 g5 21. Bh5
Re7 22. Rfe1 Nc4 23. Bc1 Bf4 24. Be2 Ne5 25. Nb3 Bf5 26. Rxd8+ Kxd8 27. Bb2 e3
28. g3 exf2+ 29. Kxf2 Be3+ 30. Kxe3 Nc4+ 31. Kf2 Nxb2 32. Nc5 b6 33. Nxa6 Bxc2
34. Nb8 Be4 35. Bb5 c5 36. bxc5 bxc5 37. Nc6+ Bxc6 38. Rxe7 Kxe7 39. Bxc6 Kd6
40. Be4 h6 41. Kf3 1/2-1/2

[Event "Oberliga Ost B 2018 2019"]
[Site "?"]
[Date "2019.02.02"]
[Round "6.2"]
[White "Engelmann, Jakob"]
[Black "Neumann, Martin"]
[Result "1-0"]
[WhiteElo "2264"]
[BlackElo "2086"]
[PlyCount "49"]
[EventDate "2018.10.21"]
[EventType "team-tourn"]
[EventCountry "GER"]
[WhiteTeam "Sangerhausen SV"]
[BlackTeam "Gernsheim SK"]
[WhiteTeamCountry "GER"]
[BlackTeamCountry "GER"]

1. d4 Nf6 2. Nf3 g6 3. c4 Bg7 4. Nc3 O-O 5. e4 d6 6. g3 Nbd7 7. Bg2 e5 8. O-O
Nh5 9. Re1 c6 10. Be3 Qe7 11. b4 Rd8 12. Qb3 Nf8 13. d5 f5 14. c5 f4 15. cxd6
Qxd6 16. Bc5 Qf6 17. dxc6+ Ne6 18. cxb7 Bxb7 19. g4 Kh8 20. gxh5 gxh5 21. Rad1
Ng5 22. Nd5 Rxd5 23. exd5 Re8 24. Nxg5 Qxg5 25. Kh1 1-0

[Event "Oberliga Ost B 2018 2019"]
[Site "?"]
[Date "2019.02.02"]
[Round "6.3"]
[White "Di Capua, Francesco Stefano"]
[Black "Heyder, Florian"]
[Result "1/2-1/2"]
[WhiteElo "1930"]
[BlackElo "2219"]
[PlyCount "85"]
[EventDate "2018.10.21"]
[EventType "team-tourn"]
[EventCountry "GER"]
[WhiteTeam "Gernsheim SK"]
[BlackTeam "Sangerhausen SV"]
[WhiteTeamCountry "GER"]
[BlackTeamCountry "GER"]

1. e4 e6 2. b3 d5 3. Bb2 Nf6 4. e5 Nfd7 5. Qg4 c5 6. f4 Nc6 7. Nf3 g6 8. Nc3
Be7 9. h4 h5 10. Qh3 a6 11. Be2 b5 12. g4 Nb6 13. Ng5 hxg4 14. Bxg4 Bxg5 15.
fxg5 Qc7 16. O-O-O b4 17. Ne2 d4 18. Bf3 Bb7 19. Nf4 O-O-O 20. Nd3 Nd7 21. Rhf1
Ncxe5 22. Bxb7+ Kxb7 23. Rde1 Nxd3+ 24. Qxd3 Rdf8 25. a3 e5 26. Qg3 Rh7 27. Kb1
Qc6 28. c3 Qd5 29. cxb4 cxb4 30. Rc1 Rb8 31. axb4 Ka8 32. Rc4 Rb7 33. Rfc1 Nb6
34. Rc5 Qe4+ 35. d3 Qf4 36. Qxf4 exf4 37. Bxd4 Rxh4 38. Rc6 Nd7 39. Rxa6+ Kb8
40. Rac6 Ka8 41. Ra6+ Kb8 42. Rac6 Ka8 43. Ra6+ 1/2-1/2

[Event "Oberliga Ost B 2018 2019"]
[Site "?"]
[Date "2019.02.02"]
[Round "6.4"]
[White "Hillmann, Michael"]
[Black "Nies, Peter"]
[Result "1/2-1/2"]
[WhiteElo "2138"]
[BlackElo "2068"]
[PlyCount "51"]
[EventDate "2018.10.21"]
[EventType "team-tourn"]
[EventCountry "GER"]
[WhiteTeam "Sangerhausen SV"]
[BlackTeam "Gernsheim SK"]
[WhiteTeamCountry "GER"]
[BlackTeamCountry "GER"]

1. d4 e6 2. Nf3 Nf6 3. c4 c5 4. g3 cxd4 5. Nxd4 Qc7 6. Nc3 a6 7. Qd3 b6 8. Bg2
Bb7 9. Bxb7 Qxb7 10. O-O Be7 11. Qf3 Ra7 12. Be3 Qxf3 13. Nxf3 Rb7 14. Na4 b5
15. cxb5 axb5 16. Nc5 Rc7 17. Nd3 O-O 18. Rfc1 Rxc1+ 19. Rxc1 Nd5 20. Bc5 d6
21. Ba3 Na6 22. Rc6 Nb8 23. Rc2 Na6 24. Rc6 Nb8 25. Rc2 Na6 26. Rc6 1/2-1/2

[Event "Oberliga Ost B 2018 2019"]
[Site "?"]
[Date "2019.02.02"]
[Round "6.5"]
[White "Mazurek, Robert"]
[Black "Hellwig, Tobias"]
[Result "1/2-1/2"]
[WhiteElo "2193"]
[BlackElo "2207"]
[PlyCount "53"]
[EventDate "2018.10.21"]
[EventType "team-tourn"]
[EventCountry "GER"]
[WhiteTeam "Gernsheim SK"]
[BlackTeam "Sangerhausen SV"]
[WhiteTeamCountry "GER"]
[BlackTeamCountry "GER"]

1. d4 d5 2. c4 c6 3. cxd5 cxd5 4. Bg5 h6 5. Bh4 Qb6 6. Nc3 e6 7. e3 Bd7 8. Qd2
Be7 9. Bxe7 Nxe7 10. Bd3 Nbc6 11. Nf3 f6 12. O-O O-O 13. Rac1 Rad8 14. Bb1 Be8
15. Na4 Qa5 16. Qxa5 Nxa5 17. Nc5 Kf7 18. Bd3 Rb8 19. b3 Nac6 20. a3 b6 21. Na6
Rb7 22. b4 Bd7 23. Rc3 Rc8 24. Rfc1 Ke8 25. a4 Kd8 26. b5 Nb8 27. Nxb8 1/2-1/2

[Event "Oberliga Ost B 2018 2019"]
[Site "?"]
[Date "2019.02.02"]
[Round "6.6"]
[White "Richter, Dustin"]
[Black "Rolf, Marco"]
[Result "0-1"]
[WhiteElo "2158"]
[BlackElo "2049"]
[PlyCount "78"]
[EventDate "2018.10.21"]
[EventType "team-tourn"]
[EventCountry "GER"]
[WhiteTeam "Sangerhausen SV"]
[BlackTeam "Gernsheim SK"]
[WhiteTeamCountry "GER"]
[BlackTeamCountry "GER"]

1. Nf3 d5 2. c4 c6 3. d4 Nf6 4. g3 Bf5 5. Bg2 e6 6. O-O h6 7. Bf4 Be7 8. Qb3
Qb6 9. c5 Qxb3 10. axb3 Na6 11. Ra4 Nd7 12. Nfd2 e5 13. Rxa6 bxa6 14. Bxe5 Nxe5
15. dxe5 Rb8 16. e4 dxe4 17. Nxe4 Bxe4 18. Bxe4 O-O 19. Nc3 Bxc5 20. Bxc6 Rxb3
21. Rd1 Rxb2 22. Ne4 Rc2 23. Bd5 Rb8 24. Rd3 Re8 25. e6 fxe6 26. Bb3 Rc1+ 27.
Kg2 Kf8 28. Rd7 Re7 29. Rd8+ Kf7 30. g4 Rb7 31. Rd3 Ke7 32. g5 Rb4 33. f3 Rg1+
34. Kh3 hxg5 35. Bxe6 Rxe4 36. fxe4 Kxe6 37. Rc3 Bf2 38. Rc6+ Kf7 39. e5 g4#
0-1

[Event "Oberliga Ost B 2018 2019"]
[Site "?"]
[Date "2019.02.02"]
[Round "6.7"]
[White "Mao, Kevin"]
[Black "Buerckner, Georg"]
[Result "1-0"]
[WhiteElo "2031"]
[BlackElo "2025"]
[PlyCount "103"]
[EventDate "2018.10.21"]
[EventType "team-tourn"]
[EventCountry "GER"]
[WhiteTeam "Gernsheim SK"]
[BlackTeam "Sangerhausen SV"]
[WhiteTeamCountry "GER"]
[BlackTeamCountry "GER"]

1. e4 e5 2. Nc3 Nf6 3. Nf3 d6 4. d4 exd4 5. Nxd4 Be7 6. Bd3 O-O 7. O-O Nc6 8.
Nxc6 bxc6 9. f4 Re8 10. Qe1 Bf8 11. Qh4 Nd7 12. Qg3 Nc5 13. f5 Nxd3 14. cxd3 f6
15. Bf4 Rb8 16. b3 Bb7 17. Rf3 Rc8 18. Raf1 Qd7 19. Qh4 d5 20. Rh3 h6 21. Rg3
Kh7 22. Bxh6 gxh6 23. Qxf6 Bc5+ 24. d4 Bxd4+ 25. Qxd4 Rg8 26. Na4 c5 27. Nxc5
Qc6 28. Nxb7 Qxb7 29. Rxg8 Rxg8 30. Qxd5 Qb6+ 31. Kh1 Qa6 32. Rf2 Qa3 33. Rc2
Qe7 34. f6 Qxf6 35. Qf5+ Qxf5 36. Rxc7+ Kg6 37. exf5+ Kxf5 38. Rxa7 Ke4 39. Rf7
Ke3 40. Kg1 Ke2 41. a4 Rb8 42. Rf3 Rc8 43. h3 h5 44. b4 Rc4 45. a5 Rxb4 46. Ra3
Rb7 47. a6 Ra7 48. g3 h4 49. gxh4 Rg7+ 50. Kh2 Kf1 51. Ra1+ Kf2 52. Ra2+ 1-0

[Event "Oberliga Ost B 2018 2019"]
[Site "?"]
[Date "2019.02.02"]
[Round "6.8"]
[White "Rudolf, Henning"]
[Black "Will, Jens"]
[Result "1-0"]
[WhiteElo "1906"]
[BlackElo "2073"]
[PlyCount "115"]
[EventDate "2018.10.21"]
[EventType "team-tourn"]
[EventCountry "GER"]
[WhiteTeam "Sangerhausen SV"]
[BlackTeam "Gernsheim SK"]
[WhiteTeamCountry "GER"]
[BlackTeamCountry "GER"]

1. e4 c6 2. d4 d5 3. exd5 cxd5 4. Bd3 Nc6 5. c3 g6 6. Nf3 Bg7 7. Bf4 Bg4 8.
Nbd2 a6 9. h3 Bxf3 10. Nxf3 b5 11. O-O e6 12. Qe2 Qb6 13. b4 Nf6 14. a4 O-O 15.
axb5 axb5 16. Nd2 Nd7 17. Bxb5 e5 18. Rxa8 Rxa8 19. dxe5 Ndxe5 20. Bxc6 Nxc6
21. Qd3 Ra3 22. Nb1 Nxb4 23. Qe3 Qxe3 24. Bxe3 Rxc3 25. Nxc3 Bxc3 26. Rd1 h5
27. Bd4 Bxd4 28. Rxd4 Nc6 29. Rxd5 Kg7 30. Kf1 Ne7 31. Ra5 Nc6 32. Ra6 Nd4 33.
Ke1 Ne6 34. Ke2 Nf4+ 35. Kf3 Ne6 36. Ra5 Kf6 37. Ke3 Ng5 38. h4 Ne6 39. Ke4 Ng7
40. Ra6+ Ne6 41. g3 Kg7 42. Ke5 Nc5 43. Rd6 Kf8 44. Rd5 Ne6 45. Ra5 Kg7 46. f3
Nf8 47. Rd5 Nh7 48. Rd6 Nf8 49. f4 Nh7 50. Ra6 Nf8 51. Ra7 Nh7 52. f5 g5 53.
Ra6 gxh4 54. gxh4 Nf8 55. Rd6 Nh7 56. f6+ Kg6 57. Rd8 Kh6 58. Kf5 1-0

[Event "Oberliga Ost B 2018 2019"]
[Site "?"]
[Date "2019.02.02"]
[Round "6.1"]
[White "Nothnagel, Holger"]
[Black "Schmidt Schaeffer, Sebastian"]
[Result "1-0"]
[WhiteElo "2306"]
[BlackElo "2350"]
[PlyCount "75"]
[EventDate "2018.10.21"]
[EventType "team-tourn"]
[EventCountry "GER"]
[WhiteTeam "Griesheim SV II"]
[BlackTeam "Naumburger SV"]
[WhiteTeamCountry "GER"]
[BlackTeamCountry "GER"]

1. b3 d5 2. Bb2 c5 3. e3 Nc6 4. Nf3 Nf6 5. Bb5 Qb6 6. Qe2 Bg4 7. h3 Bxf3 8.
Bxc6+ Qxc6 9. Qxf3 O-O-O 10. d3 g6 11. Nd2 Bg7 12. O-O Rhe8 13. Rfe1 e5 14. e4
d4 15. a4 Re7 16. Nc4 Ne8 17. Bc1 f5 18. exf5 Qxf3 19. gxf3 gxf5 20. Bf4 Rd5
21. Re2 Nd6 22. Rae1 Nf7 23. Bg3 Re6 24. f4 e4 25. dxe4 fxe4 26. Rxe4 Rxe4 27.
Rxe4 d3 28. cxd3 Nh6 29. Re7 Nf5 30. Rf7 Kd8 31. Ne3 Nxe3 32. fxe3 Bb2 33. Rxb7
Rxd3 34. Kf2 h5 35. Kf3 Ba3 36. f5 Rd5 37. Ke4 Rd1 38. Rxa7 1-0

[Event "Oberliga Ost B 2018 2019"]
[Site "?"]
[Date "2019.02.02"]
[Round "6.2"]
[White "Heinrich, Julius Tobias"]
[Black "De Visser, Leon"]
[Result "1/2-1/2"]
[WhiteElo "2076"]
[BlackElo "2234"]
[PlyCount "72"]
[EventDate "2018.10.21"]
[EventType "team-tourn"]
[EventCountry "GER"]
[WhiteTeam "Naumburger SV"]
[BlackTeam "Griesheim SV II"]
[WhiteTeamCountry "GER"]
[BlackTeamCountry "GER"]

1. e4 c5 2. c3 d5 3. exd5 Qxd5 4. d4 g6 5. Nf3 Bg7 6. Be3 cxd4 7. cxd4 Nf6 8.
Nc3 Qa5 9. Bc4 O-O 10. O-O Bg4 11. h3 Bxf3 12. Qxf3 Nc6 13. Rad1 Rad8 14. Rd2
a6 15. Rfd1 Rd7 16. Bb3 Qc7 17. Bf4 Qd8 18. d5 Na5 19. Na4 Nxb3 20. Qxb3 Ne4
21. Rc2 b5 22. Nc5 Nxc5 23. Rxc5 Qa8 24. a4 bxa4 25. Qxa4 Rfd8 26. Bc7 Rxd5 27.
Bxd8 Rxc5 28. Bxe7 Rc8 29. b4 h5 30. Bc5 Qc6 31. Qa5 Re8 32. Rd8 Rxd8 33. Qxd8+
Kh7 34. Qe7 Qd5 35. Qd6 Qc4 36. g3 Qc1+ 1/2-1/2

[Event "Oberliga Ost B 2018 2019"]
[Site "?"]
[Date "2019.02.02"]
[Round "6.3"]
[White "Flach, Erich"]
[Black "Gering, Samuel"]
[Result "1/2-1/2"]
[WhiteElo "2094"]
[BlackElo "2068"]
[PlyCount "60"]
[EventDate "2018.10.21"]
[EventType "team-tourn"]
[EventCountry "GER"]
[WhiteTeam "Griesheim SV II"]
[BlackTeam "Naumburger SV"]
[WhiteTeamCountry "GER"]
[BlackTeamCountry "GER"]

1. e4 g6 2. d4 Bg7 3. Nc3 d6 4. Be3 a6 5. Bd3 Nd7 6. f4 c5 7. d5 b5 8. Qd2 Ngf6
9. Nf3 Nb6 10. a3 O-O 11. h3 Qc7 12. O-O Bb7 13. Rfe1 Rae8 14. Bf2 e6 15. dxe6
Rxe6 16. e5 dxe5 17. Nxe5 c4 18. Be2 Rd8 19. Qc1 Nfd5 20. Nxd5 Nxd5 21. Bf3
Bxe5 22. fxe5 Rxe5 23. Qh6 f5 24. c3 Rde8 25. Rxe5 Qxe5 26. Re1 Qb8 27. Rxe8+
Qxe8 28. Bd4 Qf8 29. Bxd5+ Bxd5 30. Qe3 Be4 1/2-1/2

[Event "Oberliga Ost B 2018 2019"]
[Site "?"]
[Date "2019.02.02"]
[Round "6.4"]
[White "Fritsch, Andreas"]
[Black "Dietz, Holger"]
[Result "1/2-1/2"]
[WhiteElo "2044"]
[BlackElo "2320"]
[PlyCount "168"]
[EventDate "2018.10.21"]
[EventType "team-tourn"]
[EventCountry "GER"]
[WhiteTeam "Naumburger SV"]
[BlackTeam "Griesheim SV II"]
[WhiteTeamCountry "GER"]
[BlackTeamCountry "GER"]

1. Nc3 d5 2. e4 d4 3. Nce2 e5 4. Ng3 Be6 5. b3 Nd7 6. Nf3 h5 7. h4 f6 8. Bc4
Bg4 9. Nf1 Nc5 10. d3 Qd7 11. N1h2 Nh6 12. a4 Be6 13. Bxe6 Nxe6 14. Bd2 Nf7 15.
Qc1 Be7 16. Nf1 O-O-O 17. Ng3 g6 18. b4 Ng7 19. Qb2 f5 20. Qb3 Bf6 21. b5 Nd6
22. Bg5 Bxg5 23. Nxg5 Rde8 24. f3 Ne6 25. Nxe6 Qxe6 26. Qxe6+ Rxe6 27. Ne2 Rg8
28. Kd2 Kd7 29. g3 Rf8 30. exf5 Nxf5 31. Rhf1 c5 32. bxc6+ Rxc6 33. Rab1 b6 34.
Rfc1 Rfc8 35. Rb4 Kd6 36. f4 Rc5 37. fxe5+ Kxe5 38. Nf4 Kf6 39. Ne2 Rd8 40. Rf1
Kg7 41. Nf4 Rd6 42. Re1 Kf7 43. Nh3 Rdc6 44. Ng5+ Kg8 45. Rc1 Rd5 46. Ne4 Kg7
47. Re1 Rd7 48. Rb5 Rdc7 49. Rc1 Nd6 50. Re5 Nf5 51. a5 bxa5 52. Rxa5 Kf7 53.
Ra2 Ke7 54. Rb1 Nd6 55. Ng5 Nf5 56. Rb4 Kf6 57. Ne4+ Ke7 58. Rba4 Kd8 59. Ra6
Rxa6 60. Rxa6 Ne7 61. Ng5 Kc8 62. Nf3 Nc6 63. Ra4 Rd7 64. Rc4 Kb7 65. Rc5 Rd6
66. Rb5+ Kc7 67. Ng5 a6 68. Rc5 Kb6 69. Ne4 Re6 70. Rd5 a5 71. Kc1 Kc7 72. Kb2
Re5 73. Rxe5 Nxe5 74. Kb3 Kb6 75. Nf6 Kb5 76. Nd5 a4+ 77. Ka3 Ng4 78. c4+ dxc3
79. Nxc3+ Kc5 80. Ne2 Nf2 81. d4+ Kb5 82. Nf4 Ne4 83. Nxg6 Nxg3 84. Nf4 Nf5
1/2-1/2

[Event "Oberliga Ost B 2018 2019"]
[Site "?"]
[Date "2019.02.02"]
[Round "6.5"]
[White "Diaz, Joaquin"]
[Black "Haertig, Jens"]
[Result "1-0"]
[WhiteElo "2149"]
[BlackElo "2130"]
[PlyCount "75"]
[EventDate "2018.10.21"]
[EventType "team-tourn"]
[EventCountry "GER"]
[WhiteTeam "Griesheim SV II"]
[BlackTeam "Naumburger SV"]
[WhiteTeamCountry "GER"]
[BlackTeamCountry "GER"]

1. e4 c5 2. Nf3 d6 3. d4 cxd4 4. Nxd4 Nf6 5. Nc3 a6 6. Bc4 e6 7. Bb3 Nbd7 8.
O-O Nc5 9. f3 Be7 10. Qe1 O-O 11. Be3 Qc7 12. Qg3 Kh8 13. Rad1 b5 14. Rd2 Rd8
15. a3 Nxb3 16. Nxb3 Bb7 17. Qf2 Nd7 18. Rfd1 Rac8 19. f4 Re8 20. Bd4 Nf6 21.
Qe2 d5 22. e5 Ne4 23. Nxe4 dxe4 24. Qe3 Bd5 25. Nc1 f5 26. exf6 Bxf6 27. Ne2
Bc6 28. Bb6 Qb7 29. c3 e5 30. fxe5 Rxe5 31. Bd4 Bg5 32. Qg3 Bxd2 33. Qxe5 e3
34. Qg5 Re8 35. Rf1 a5 36. Rf5 Be4 37. Re5 Rg8 38. Re7 1-0

[Event "Oberliga Ost B 2018 2019"]
[Site "?"]
[Date "2019.02.02"]
[Round "6.6"]
[White "Will, Matthias"]
[Black "Nothnagel, Markus"]
[Result "1/2-1/2"]
[WhiteElo "2002"]
[BlackElo "2231"]
[PlyCount "49"]
[EventDate "2018.10.21"]
[EventType "team-tourn"]
[EventCountry "GER"]
[WhiteTeam "Naumburger SV"]
[BlackTeam "Griesheim SV II"]
[WhiteTeamCountry "GER"]
[BlackTeamCountry "GER"]

1. Nf3 d5 2. c4 e6 3. g3 c6 4. Bg2 Nf6 5. b3 Be7 6. Bb2 O-O 7. O-O b6 8. d4
Nbd7 9. Nbd2 Bb7 10. Ne5 Rc8 11. Rc1 c5 12. e3 Qc7 13. f4 Rfd8 14. Qe2 dxc4 15.
bxc4 Nf8 16. f5 Bxg2 17. Qxg2 N6d7 18. Nxf7 Re8 19. fxe6 Nxe6 20. Ne4 cxd4 21.
exd4 Nf6 22. Nh6+ Kh8 23. Nf7+ Kg8 24. Nh6+ Kh8 25. Nf7+ 1/2-1/2

[Event "Oberliga Ost B 2018 2019"]
[Site "?"]
[Date "2019.02.02"]
[Round "6.7"]
[White "Hahn, Werner"]
[Black "Roessler, Bernd"]
[Result "1/2-1/2"]
[WhiteElo "2170"]
[BlackElo "2075"]
[PlyCount "137"]
[EventDate "2018.10.21"]
[EventType "team-tourn"]
[EventCountry "GER"]
[WhiteTeam "Griesheim SV II"]
[BlackTeam "Naumburger SV"]
[WhiteTeamCountry "GER"]
[BlackTeamCountry "GER"]

1. d4 Nf6 2. c4 c6 3. Nf3 d5 4. e3 e6 5. Nc3 Bd6 6. Qc2 Nbd7 7. g4 h6 8. h3 Qe7
9. Bd2 b6 10. O-O-O Bb7 11. Rg1 dxc4 12. Bxc4 c5 13. Be2 Rc8 14. Kb1 cxd4 15.
Nxd4 Ne4 16. f3 Nf2 17. Rc1 Nxh3 18. Rh1 Ng5 19. e4 Qf6 20. Qa4 Bc5 21. Be3 e5
22. Bxg5 Qxg5 23. Nf5 a6 24. Rcd1 Bc6 25. Qxa6 O-O 26. Rh5 Qg6 27. Rdh1 Ra8 28.
Qd3 Rfd8 29. Qc2 Nf6 30. R5h3 Qg5 31. Rd1 Bb4 32. Rhh1 Bxc3 33. Ne7+ Kh8 34.
Nxc6 Rxd1+ 35. Rxd1 Bd4 36. Nxd4 exd4 37. Rxd4 Qe3 38. Rd3 Qf2 39. e5 Ng8 40.
Qd2 Qg1+ 41. Qd1 Qf2 42. Rd4 Re8 43. Re4 Qc5 44. Qd6 Qxd6 45. exd6 Rd8 46. Rd4
Nf6 47. b4 Kg8 48. a4 Kf8 49. a5 bxa5 50. bxa5 Ne8 51. d7 Nc7 52. a6 Ke7 53. a7
Rxd7 54. Rxd7+ Kxd7 55. Bd3 Kd6 56. Kc2 Ke5 57. Kd2 Kf4 58. Be4 g6 59. Ke2 f5
60. gxf5 gxf5 61. a8=Q Nxa8 62. Bxa8 Kg3 63. Kf1 h5 64. Kg1 h4 65. Bc6 h3 66.
Kh1 h2 67. Bd5 Kh3 68. Bb3 Kg3 69. Bd5 1/2-1/2

[Event "Oberliga Ost B 2018 2019"]
[Site "?"]
[Date "2019.02.02"]
[Round "6.1"]
[White "Konopka, Michal"]
[Black "Henrich, Thomas"]
[Result "1-0"]
[WhiteElo "2363"]
[BlackElo "2211"]
[PlyCount "67"]
[EventDate "2018.10.21"]
[EventType "team-tourn"]
[EventCountry "GER"]
[WhiteTeam "Schoeneck SF"]
[BlackTeam "Marburg SK"]
[WhiteTeamCountry "GER"]
[BlackTeamCountry "GER"]

1. Nf3 Nf6 2. c4 e6 3. g3 d5 4. d4 Be7 5. Bg2 O-O 6. O-O c5 7. cxd5 exd5 8. Be3
c4 9. b3 Nc6 10. Ne5 Nxe5 11. dxe5 Ng4 12. Bd4 Be6 13. Nc3 Qa5 14. e3 Rad8 15.
h3 Nh6 16. g4 b5 17. f4 Bb4 18. Ne2 g6 19. f5 Nxf5 20. gxf5 Bxf5 21. Rxf5 gxf5
22. Ng3 Qa6 23. Nxf5 Qg6 24. Qf3 Rfe8 25. Kh1 c3 26. a3 Ba5 27. Bf1 c2 28. Bd3
Rc8 29. Rc1 Bd2 30. Rxc2 Rxc2 31. Bxc2 Kh8 32. e6+ f6 33. Ne7 Qxc2 34. Bxf6#
1-0

[Event "Oberliga Ost B 2018 2019"]
[Site "?"]
[Date "2019.02.02"]
[Round "6.2"]
[White "Dorst, Johannes"]
[Black "Everett, Elijah"]
[Result "0-1"]
[WhiteElo "2221"]
[BlackElo "2227"]
[PlyCount "138"]
[EventDate "2018.10.21"]
[EventType "team-tourn"]
[EventCountry "GER"]
[WhiteTeam "Marburg SK"]
[BlackTeam "Schoeneck SF"]
[WhiteTeamCountry "GER"]
[BlackTeamCountry "GER"]

1. e4 c5 2. Nf3 d6 3. d4 cxd4 4. Nxd4 Nf6 5. Nc3 a6 6. Be3 e5 7. Nb3 Be7 8. f3
Be6 9. Qd2 O-O 10. O-O-O Nbd7 11. g4 b5 12. g5 b4 13. Ne2 Ne8 14. f4 a5 15. f5
a4 16. Nbd4 exd4 17. Nxd4 b3 18. Kb1 bxc2+ 19. Nxc2 Bb3 20. axb3 axb3 21. Na3
Ne5 22. Qg2 Qb8 23. f6 Bd8 24. Rd5 Ra5 25. h4 Rxd5 26. exd5 Bb6 27. Qg1 Bxe3
28. Qxe3 Qb4 29. Bd3 Nc7 30. Qe4 Nxd3 31. Qxd3 Re8 32. Rc1 Re1 33. Qc4 Rxc1+
34. Qxc1 Qe4+ 35. Ka1 Ne8 36. fxg7 Qxd5 37. Qc8 Qe5 38. Qb8 Qe6 39. Qb4 Kxg7
40. Qc3+ Kg6 41. Nc4 Kh5 42. Qxb3 Kxh4 43. Qd3 Kxg5 44. Qg3+ Qg4 45. Qe3+ Qf4
46. Qe7+ Kg6 47. Qe2 h5 48. Qd3+ f5 49. b4 Nc7 50. Nxd6 Qe5+ 51. Kb1 Nd5 52.
Nb5 Nxb4 53. Qd7 h4 54. Nd6 Nd5 55. Qf7+ Kg5 56. Qg8+ Kf4 57. Qg1 Qe3 58. Qf1+
Qf3 59. Qc4+ Ke5 60. Qc5 Qb3+ 61. Kc1 Qc3+ 62. Qxc3+ Nxc3 63. Nc4+ Kf4 64. Nd2
h3 65. Nf1 Kf3 66. Kd2 Kf2 67. Nh2 Ne4+ 68. Kd3 Ng5 69. Kd2 Nf3+ 0-1

[Event "Oberliga Ost B 2018 2019"]
[Site "?"]
[Date "2019.02.02"]
[Round "6.3"]
[White "Heinatz, Thomas"]
[Black "Alber, Horst"]
[Result "1/2-1/2"]
[WhiteElo "2308"]
[BlackElo "2285"]
[PlyCount "39"]
[EventDate "2018.10.21"]
[EventType "team-tourn"]
[EventCountry "GER"]
[WhiteTeam "Schoeneck SF"]
[BlackTeam "Marburg SK"]
[WhiteTeamCountry "GER"]
[BlackTeamCountry "GER"]

1. e4 g6 2. d4 Bg7 3. Nc3 d6 4. f4 Nc6 5. Be3 Nf6 6. Nf3 O-O 7. Qd2 e5 8. fxe5
dxe5 9. d5 Nd4 10. Nxe5 Nxe4 11. Nxe4 Bxe5 12. O-O-O Nf5 13. Bg5 f6 14. Bf4 Re8
15. Re1 Nd6 16. Bd3 Bf5 17. Nxd6 Qxd6 18. Bxe5 Rxe5 19. Rxe5 Qxe5 20. Bxf5
1/2-1/2